| 000 | 00631nam a2200241Ia 4500 | ||
|---|---|---|---|
| 001 | 33115 | ||
| 005 | 20240114001634.0 | ||
| 007 | ta | ||
| 008 | 061207s1903 g b000 u 465 u | ||
| 040 | _aCotton College,Assam | ||
| 041 | _a465 | ||
| 082 |
_a160 _bD 515 St |
||
| 100 | _aDewey, John. | ||
| 245 | 0 |
_aStudies in Logical Theory / _cJohn Dewey. _hTextual Documents |
|
| 250 | _a1st ed. / | ||
| 260 |
_aChocago : _bThe University of Chigo Press , _c1903. |
||
| 300 |
_a388p. ; _c22cm. |
||
| 653 | _aLogical Theory | ||
| 653 | _aG-Philosophy | ||
| 942 |
_2ddc _cBK |
||
| 999 |
_c33097 _d33097 |
||